[Event "AUT-chT2W 9495"]
[Site "Austria"]
[Date "1995.??.??"]
[Round "?.5"]
[White "Goeldi, Hans"]
[Black "Mrsic, Robert"]
[Result "0-1"]
[WhiteElo "1815"]
[BlackElo "1855"]

1.e4 d6 2.d4 Nf6 3.Nc3 c6 4.f3 e5 5.dxe5 dxe5 6.Qxd8+ Kxd8 7.Bc4 Bb4 8.Bxf7 Ke7
9.Bb3 Nbd7 10.Ne2 Rf8 11.a3 Ba5 12.Be3 b5 13.O-O-O Bb6 14.Bxb6 Nxb6 15.Rd2 Be6
16.Bxe6 Kxe6 17.b3 Rfd8 18.Rhd1 Rxd2 19.Rxd2 a5 20.Kb2 Nfd7 21.Nc1 Rb8 22.Nd1 g6
23.Ne3 Ke7 24.Nd3 Ke6 25.Nf2 Ke7 26.Nh3 Nf8 27.Ng5 Ne6 28.Nxe6 Kxe6 29.h4 h5
30.c3 Ke7 31.Kc2 Rf8 32.c4 bxc4 33.Nxc4 Nxc4 34.bxc4 Rf4 35.Kb3 Rxh4 36.Ka4 Rh2
37.Kxa5 h4 38.Rd1 Rxg2 39.Kb6 Rg3 40.Kxc6 Rxf3 41.Kd5 g5 42.Kxe5 h3 43.c5 g4
44.c6 g3 45.Rd7+ Ke8 46.Ke6 Rc3 47.Rc7 Kd8 48.Rd7+ Kc8 49.Rh7 Rxc6+ 50.Kd5 Rg6
51.Rxh3 g2 52.Rh8+ Kc7 53.Rh7+ Kb6 54.Rh2 g1=Q 55.Rb2+ Kc7  0-1

[Event "AUT-chT2O 9495"]
[Site "?"]
[Date "1995.??.??"]
[Round "?"]
[White "Honfi, Karoly"]
[Black "Blatny, Pavel"]
[Result "0-1"]
[WhiteElo "2380"]
[BlackElo "2485"]

1.e4 d6 2.d4 Nf6 3.Nc3 c6 4.Nf3 Bg4 5.h3 Bh5 6.Be3 e6 7.Be2 d5 8.e5 Nfd7
9.Nd2 Bxe2 10.Nxe2 c5 11.c3 Nc6 12.O-O Qc7 13.f4 Ne7 14.Nf3 Nf5 15.Bf2 h5
16.Rc1 c4 17.g3 Be7 18.Kg2 O-O-O 19.b3 Nb6 20.Rg1 Rdg8 21.Qd2 Kb8 22.Kf1 a5
23.Qe1 Qc6 24.g4 hxg4 25.hxg4 Nh6 26.Rg2 Qb5 27.Rb1 cxb3 28.Rxb3 Qc6 29.Kg1 a4
30.Rb1 Rh7 31.Bh4 Bxh4 32.Qxh4 Rgh8 33.Kf2 Nc4 34.Qe7 Rc8 35.Ng5 Rhh8 36.Qb4 Rc7
37.Qb5 f5 38.Qxc6 Rxc6 39.gxf5 Nxf5 40.Rb4 Nfe3 41.Rg1 Rh2+ 42.Kf3 Nf5 43.Rxc4 dxc4
44.Rb1 Ne7 45.Ne4 Nd5 46.Rg1 Rh3+ 47.Kf2 Rb6  0-1

[Event "AUT-chT2O 9495"]
[Site "?"]
[Date "1995.??.??"]
[Round "?"]
[White "Dobias, Richard"]
[Black "Blatny, Pavel"]
[Result "0-1"]
[WhiteElo "2210"]
[BlackElo "2485"]

1.e4 d6 2.d4 Nf6 3.Nc3 c6 4.Nf3 Bg4 5.h3 Bh5 6.Be2 e6 7.O-O d5 8.exd5 cxd5
9.Bf4 Nc6 10.Re1 Be7 11.Ne5 Bxe2 12.Nxe2 O-O 13.c3 Rc8 14.Ng3 Nxe5 15.Bxe5 Nd7
16.Nh5 g6 17.Nf4 Nxe5 18.dxe5 b5 19.a3 a5 20.Qd3 Qb6 21.Qg3 Rc4 22.h4 Qd8
23.h5 Bh4 24.Qf3 g5 25.Ne2 f6 26.g3 fxe5 27.Qg2 Kh8 28.gxh4 gxh4 29.Kh1 Qf6
30.Ng1 Rg8 31.Qh2 Rcg4 32.Re3 e4 33.Nh3 e5 34.Ng1 d4 35.Rh3 Qg5 36.cxd4 exd4
37.Ne2 d3 38.Rg1 dxe2 39.Rxg4 e1=Q+  0-1

[Event "AUT-chT2S 9495"]
[Site "?"]
[Date "1995.??.??"]
[Round "1"]
[White "Groszpeter, Attila"]
[Black "Mikac, Matjaz"]
[Result "1-0"]
[WhiteElo "2520"]
[BlackElo "2430"]

1.e4 d6 2.d4 Nf6 3.Nc3 Nbd7 4.f4 e5 5.Nf3 exd4 6.Qxd4 c6 7.Be3 Be7 8.O-O-O O-O
9.e5 Ng4 10.Bg1 dxe5 11.fxe5 Nb6 12.Qe4 Qe8 13.h3 Nh6 14.g4 f5 15.exf6 Bxf6
16.Bd3 Qxe4 17.Nxe4 Be7 18.Nfg5 g6 19.Bc5 Bxc5 20.Nxc5 Nf7 21.Nxf7 Rxf7 22.Rhe1 Kf8
23.c3 Re7 24.Rxe7 Kxe7 25.Re1+ Kf8 26.Bc2 Nc4 27.Ne4 Kg7 28.Bb3 Na5 29.Nd6 b6
30.Re8 Bb7 31.Re7+ Kf6 32.Rf7+  1-0

[Event "AUT-chT2S 9495"]
[Site "?"]
[Date "1995.??.??"]
[Round "7"]
[White "Karolyi, Tibor Jr"]
[Black "Kiss, Attila"]
[Result "0-1"]
[WhiteElo "2390"]
[BlackElo "2370"]

1.d4 d6 2.e4 Nf6 3.Nc3 Nbd7 4.Nf3 e5 5.Bc4 Be7 6.O-O O-O 7.Re1 c6 8.a4 b6
9.d5 cxd5 10.Nxd5 Bb7 11.b3 Rc8 12.Re2 Nc5 13.Nxf6+ Bxf6 14.Bd5 Qd7 15.Ba3 Bxd5
16.Qxd5 Ne6 17.g3 Nf4 18.Qd2 Nxe2+ 19.Qxe2 Rc3 20.Bb4 Rc6 21.c4 Be7 22.Qd3 Qe6
23.Nd2 Qh3 24.Rd1 Rfc8 25.Nb1 Bf8 26.Qd5 a6 27.Nc3 h5 28.Qd3 h4 29.Nd5 Qg4
30.Bc3 b5 31.Ne3 Qf3 32.axb5 axb5 33.Bb2 bxc4 34.Nxc4 Qxd3 35.Rxd3 Ra8 36.Kg2 Ra2
37.Ba3 d5 38.exd5 Rxc4 39.Bxf8 Rd4  0-1

[Event "AUT-chT9495"]
[Site "?"]
[Date "1995.??.??"]
[Round "?"]
[White "Hertneck, Gerald"]
[Black "Jansa, Vlastimil"]
[Result "1/2-1/2"]
[WhiteElo "2595"]
[BlackElo "2525"]

1.d4 d6 2.e4 Nf6 3.Nc3 Nbd7 4.g3 e5 5.Nge2 c6 6.Bg2 b5 7.a3 Bb7 8.O-O Be7
9.b3 O-O 10.Bb2 Re8 11.Qd2 Bf8 12.Rfd1 a5  1/2-1/2

[Event "AUT-chT9495"]
[Site "?"]
[Date "1995.??.??"]
[Round "?"]
[White "Niedermayr, Horst"]
[Black "Mahdi, Khaled"]
[Result "1/2-1/2"]
[WhiteElo "2230"]
[BlackElo "2425"]

1.e4 d6 2.d4 Nf6 3.Nc3 c6 4.f4 Qa5 5.Bd3 e5 6.dxe5 dxe5 7.f5 Nbd7 8.Qf3 b5
9.Bd2 b4 10.Nd1 Nc5 11.Nf2 Nxd3+ 12.Nxd3 Ba6 13.Ne2 Rd8 14.Nec1 Bxd3 15.cxd3 Qb5
16.O-O h5 17.Bg5 Rd7 18.Bxf6 gxf6 19.Rd1 h4 20.d4 Rxd4 21.Rxd4 Bc5 22.Nb3 Bxd4+
23.Nxd4 Qc5 24.Qf2 Qxd4 25.Qxd4 exd4 26.Rd1 Ke7 27.Rxd4 a5 28.Kf2  1/2-1/2

[Event "AUT-chT9495"]
[Site "?"]
[Date "1995.??.??"]
[Round "?"]
[White "Watzka, Horst"]
[Black "Niedermayr, Horst"]
[Result "1/2-1/2"]
[WhiteElo "2340"]
[BlackElo "2245"]

1.e4 d6 2.d4 Nf6 3.Nc3 c6 4.Nf3 Bg4 5.Be2 e6 6.O-O d5 7.Ne5 Bxe2 8.Qxe2 dxe4
9.Rd1 Nbd7 10.Nc4 Be7 11.Nxe4 Nxe4 12.Qxe4 Nf6 13.Qe2 O-O 14.Bf4 Qd5 15.c3 Rfd8
16.Bc7 Rd7 17.Bg3 Rc8 18.a4 Qf5 19.a5 Qb5 20.Kf1 Ne4 21.Bf4 Nd6 22.Ne5 Qxe2+
23.Kxe2 Rdd8 24.Nd3 Ne8 25.h3 Bd6 26.Be5 f6 27.Bxd6 Nxd6 28.Nc5 Re8 29.Kf3 Kf7
30.a6 b6 31.Nb7 Ke7 32.Re1 Rc7 33.Nxd6 Kxd6 34.Ke4  1/2-1/2

[Event "AUT-chT9495"]
[Site "?"]
[Date "1995.??.??"]
[Round "?"]
[White "Horvath, Csaba"]
[Black "Jansa, Vlastimil"]
[Result "1/2-1/2"]
[WhiteElo "2540"]
[BlackElo "2500"]

1.d4 d6 2.e4 Nf6 3.Nc3 Nbd7 4.g4 e5 5.g5 exd4 6.Qxd4 Ng8 7.f4 h6 8.Nf3 hxg5
9.Nxg5 c6 10.Be3 Qb6 11.O-O-O Qxd4 12.Bxd4 Rh4 13.e5 dxe5 14.fxe5 Nc5 15.Bf2 Rg4
16.h4 Nh6 17.Bh3 Rc4 18.Bf1 Rf4 19.Be3 Rf5 20.Bh3 Rxe5 21.Bd4 Bxh3 22.Bxe5 Bg4
23.Rde1 O-O-O 24.Nh7 Ne6 25.Nxf8 Rxf8 26.Ne4 Nf5 27.Rhf1 f6 28.Bh2 Ned4  1/2-1/2

[Event "AUT-chT9495"]
[Site "?"]
[Date "1995.??.??"]
[Round "?"]
[White "Dueckstein, Andreas"]
[Black "Koenig, Dietrich"]
[Result "1/2-1/2"]
[WhiteElo "2355"]
[BlackElo "2255"]

1.e4 d6 2.d4 Nf6 3.Nc3 e5 4.Nf3 Nbd7 5.Bc4 Be7 6.O-O O-O 7.Re1 c6 8.a4 b6
9.Qe2 Bb7 10.h3 a6 11.d5 cxd5 12.exd5 b5 13.axb5 axb5 14.Rxa8 Qxa8 15.Bxb5 Nb6
16.Bg5 Nbxd5 17.Nxd5 Nxd5 18.Bc1 Bf6 19.Qd1 Rd8 20.Bf1 Nc7 21.Re3 Bd5 22.c4 Bxf3
23.Rxf3 Ne6 24.Ra3 Qb8 25.Qa4 Nc5 26.Qc2 h6 27.Bd2 Ne6 28.b4 Qb7 29.g3 Nd4
30.Qd1 Rc8 31.Bg2 e4 32.Re3 Nf3+ 33.Bxf3 exf3 34.Qxf3 Qxf3 35.Rxf3 Rxc4 36.Rb3 Bd4
37.Kf1 Kf8 38.Ke2 Bb6 39.Be3 Bxe3 40.Kxe3 Ke7 41.Kd3 d5 42.b5 Kd7 43.b6 Kc8
44.Ra3 Kb7 45.Ra7+ Kxb6 46.Rxf7 Rc7 47.Rxc7 Kxc7 48.f4 Kd6 49.Kd4 g6 50.g4 h5
51.f5 gxf5 52.gxf5 h4  1/2-1/2

[Event "AUT-chT2S 9596"]
[Site "AUT"]
[Date "1995.??.??"]
[Round "?"]
[White "Bodner, Alfred"]
[Black "Janisch, Robert"]
[Result "1/2-1/2"]
[WhiteElo "2005"]
[BlackElo "2075"]

1.e4 d6 2.d4 Nf6 3.Nc3 c6 4.Nf3 Bg4 5.Be2 e6 6.O-O d5 7.e5 Nfd7 8.Re1 c5
9.dxc5 Bxf3 10.Bxf3 Nc6 11.Bf4 Bxc5 12.Nxd5 O-O 13.Nc3 Qb6 14.Ne4 Bd4 15.c3 Bxe5
16.Be3 Qc7 17.g3 Nf6 18.Nxf6+ Bxf6 19.Qa4 Ne5 20.Be2 Qc6 21.Qxc6 Nxc6 22.f4 Rad8
23.Rad1 Rxd1 24.Rxd1 Rd8 25.Rxd8+ Bxd8 26.Bf3 a6 27.Kf1 Kf8 28.Ke2 Ke7 29.b4 Kd7
30.a4 Kc7 31.Kd3 b6 32.g4 Be7 33.g5 a5 34.Kc4 axb4 35.Bxc6 Kxc6 36.cxb4 Bd8
37.h4 Bc7 38.h5 g6 39.h6 e5 40.fxe5 Bxe5 41.b5+ Kc7 42.Kd5 Bc3 43.Ke4 f6
44.gxf6 Bxf6 45.Kd5 Be7 46.Ke6 Bc5 47.Bg5 Bd4 48.Bf4+ Kc8 49.Kd5 Bf6 50.Kc6 Bd4
51.Bg5 Bf2 52.Bf4 Bd4 53.Bd2 Bf2 54.a5 bxa5 55.Bxa5 Bg3 56.Bd2 Kb8 57.b6 Bh2
58.Bg5 Bg3 59.Be3 Bh2 60.Kd7 Kb7 61.Ke6 Kc6 62.Kf6 Kd7 63.Bd4 Bd6 64.Kg7 Ke6
65.b7 Bb8 66.Bc5 g5 67.Be3 g4 68.Bf2 g3 69.Bg1 g2 70.Bc5 Be5+ 71.Kg8 Bf4
72.Ba7 Bb8  1/2-1/2

[Event "Badalona op"]
[Site "Badalona"]
[Date "1995.??.??"]
[Round "5"]
[White "Dekker, Theo"]
[Black "Fernandez Aguado, Enrique"]
[Result "0-1"]
[WhiteElo "2240"]
[BlackElo "2365"]

1.e4 d6 2.d4 Nf6 3.Nc3 c6 4.f4 Qa5 5.Bd2 Qb6 6.e5 Nd5 7.Nxd5 cxd5 8.Bc3 Bf5
9.Bd3 Bxd3 10.Qxd3 e6 11.Nf3 Nc6 12.Rf1 dxe5 13.fxe5 Be7 14.b3 O-O 15.a4 a5
16.Bd2 Nb4 17.Bxb4 Qxb4+ 18.Kf2 Rac8 19.Ra2 Rc3 20.Qe2 Bg5 21.Qb5 Rxf3+ 22.gxf3 Qd2+
23.Kg3 Bf4+ 24.Kg4 h5+  0-1

[Event "Badalona op"]
[Site "Badalona"]
[Date "1995.??.??"]
[Round "9"]
[White "Belkhodja, Slim"]
[Black "Fernandez Aguado, Enrique"]
[Result "0-1"]
[WhiteElo "2395"]
[BlackElo "2365"]

1.e4 d6 2.d4 Nf6 3.Nc3 c6 4.Bg5 Nbd7 5.f4 Qa5 6.Qd2 b5 7.Bd3 b4 8.Nce2 e5
9.Nf3 Be7 10.O-O Qb6 11.Kh1 h6 12.Bh4 exf4 13.e5 dxe5 14.dxe5 Nd5 15.e6 fxe6
16.Bg6+ Kd8 17.Bxe7+ Kxe7 18.Nxf4 Rf8 19.Nxd5+ cxd5 20.Rae1 Rf6 21.Qxd5 Bb7
22.Qh5 Raf8 23.Be4 Ba6 24.Rg1 Nc5 25.Qg4 g5 26.Ne5 Nxe4 27.Qxe4 Rf1 28.Qh7+ R8f7
29.Ng6+ Kd6 30.Rgxf1 Rxh7 31.Rf6 Kd5 32.Rexe6 Qd8 33.Ne7+ Rxe7 34.Rxe7 Qxe7  0-1

[Event "Badenweiler op"]
[Site "Badenweiler"]
[Date "1995.??.??"]
[Round "6"]
[White "Gerstner, Wolfgang"]
[Black "Werner, Clemens"]
[Result "1/2-1/2"]
[WhiteElo "2370"]
[BlackElo "2340"]

1.d4 d6 2.e4 Nf6 3.Nc3 e5 4.Nf3 Nbd7 5.Bc4 Be7 6.O-O O-O 7.Re1 c6 8.a4 a5
9.h3 Qc7 10.Qe2 h6 11.dxe5 Nxe5 12.Bb3 Nxf3+ 13.Qxf3 Be6 14.Bxe6 fxe6 15.Qg3 Kh8
16.e5 dxe5 17.Qxe5 Bd6 18.Qe2 Rae8 19.Be3 e5 20.Qc4 Bb4 21.Red1 Bxc3 22.Qxc3 Rf7
23.Qb3 Nd5 24.c4 Nxe3 25.Qxe3 Rf4 26.b3 c5 27.Rd5 Rd4 28.Re1 Rxd5 29.cxd5 Qd6
30.Qe4 Rd8 31.Qxe5 Qxd5 32.Qxd5 Rxd5 33.Re7 Rd1+ 34.Kh2 Rb1 35.Rxb7 c4 36.Rb5 c3
37.Rc5 Rxb3 38.Rxa5 Ra3 39.Rc5 Rxa4 40.Rxc3 Kh7 41.Kg3 Kg6 42.Rc6+ Kf7 43.f4 g6
44.Rc7+ Kf6 45.Rh7 Ra3+ 46.Kg4 Ra2 47.g3 Ra3 48.Rc7 Ra6 49.Rc3 Rb6 50.Kf3 h5
51.Rd3 Re6 52.Rd5 Re1 53.Rd6+ Kg7 54.g4 hxg4+ 55.hxg4 Re7 56.Kg3 Rf7 57.Re6 Ra7
58.Kh4 Kf7 59.Rc6 Ra5 60.Rc7+ Kf8 61.Rb7 Rc5 62.Rb3 Kf7 63.Re3 Kf6 64.Re5 Rc1
65.Rb5 Rh1+ 66.Kg3 Rg1+ 67.Kh3 Rf1 68.Rb6+ Kf7 69.Kg3 Rh1 70.Rb7+ Kf8 71.Rd7 Kg8
72.Kf3 Rg1  1/2-1/2

[Event "Badenweiler op"]
[Site "Badenweiler"]
[Date "1995.??.??"]
[Round "8"]
[White "Mohebbi, Jafar"]
[Black "Werner, Isabel"]
[Result "0-1"]
[WhiteElo "2235"]
[BlackElo "2105"]

1.d4 d6 2.e4 Nf6 3.Nc3 c6 4.Nf3 Bg4 5.Be2 e6 6.O-O d5 7.exd5 cxd5 8.Ne5 Bxe2
9.Qxe2 Nc6 10.Qb5 Qc8 11.a4 Be7 12.a5 a6 13.Qd3 Nxe5 14.dxe5 Nd7 15.Qg3 Bf8
16.Be3 g6 17.Rfe1 Bg7 18.Bd4 O-O 19.h4 h5 20.Qe3 Qd8 21.g3 Rc8 22.b4 Qe7
23.Rab1 Rc4 24.b5 Rfc8 25.bxa6 bxa6 26.Rb7 Qd8 27.Qf4 Rxc3 28.Bxc3 Rxc3 29.Ra7 Rc4
30.Qf3 Qxa5 31.Re2 Qb5 32.Ra8+ Bf8 33.Kg2 Qb7 34.Re8 Rc8 35.Rxc8 Qxc8 36.Qd3 Qc4
37.Qd2 Bb4 38.Qd1 Bc3 39.f4 Nc5 40.Re3 d4 41.Rf3 a5 42.g4 hxg4 43.Rg3 Qd5+
44.Kg1 a4 45.Qc1 Qe4 46.Kf2 a3  0-1

[Event "Balatonbereny-C"]
[Site "Balatonbereny"]
[Date "1995.??.??"]
[Round "4"]
[White "Holzmann, Herbert"]
[Black "Horvath, Adam"]
[Result "1-0"]
[WhiteElo "2215"]
[BlackElo "2235"]

1.e4 d6 2.d4 Nf6 3.Nc3 c6 4.Nf3 Bg4 5.Be2 e6 6.h3 Bxf3 7.Bxf3 d5 8.O-O Be7
9.Qd3 O-O 10.Bd2 Na6 11.a3 Qc7 12.Rae1 dxe4 13.Nxe4 Rad8 14.Qe3 Qb6 15.c3 c5
16.dxc5 Nxc5 17.Nxf6+ Bxf6 18.Bc1 Rd3 19.Qf4 Rfd8 20.Be3 e5 21.Qc4 Be7 22.Be2 Rxe3
23.fxe3 Ne6 24.Bg4 Nf4 25.Kh1 Nd5 26.Rd1 Nf6 27.Rxd8+ Qxd8 28.Rd1 Qb8 29.Qc8+ Qxc8
30.Bxc8 b6 31.g4 h6 32.Ba6 Kf8 33.Kg2 Ke8 34.Bb5+ Kf8 35.Bc6 g6 36.b4 Kg7
37.c4 Kf8 38.Kf3 Kg7 39.Rc1 Nh7 40.Bb7 Ng5+ 41.Ke2 Ne6 42.Bd5 Nc7 43.e4 Kf8
44.Rf1 f6 45.Rd1 a5 46.c5 bxc5 47.bxa5 Bd6 48.Rb1 Ke7 49.Rb7 Kd8 50.a6  1-0

[Event "Balatonbereny"]
[Site "Balatonbereny"]
[Date "1995.??.??"]
[Round "7"]
[White "Tolnai, Tibor"]
[Black "Bezold, Michael"]
[Result "0-1"]
[WhiteElo "2455"]
[BlackElo "2490"]

1.e4 d6 2.d4 Nf6 3.Nc3 c6 4.f4 Qa5 5.Bd3 e5 6.dxe5 dxe5 7.f5 b5 8.Qf3 Nbd7
9.Bd2 Nc5 10.Nd5 Qd8 11.Nxf6+ gxf6 12.Be2 Qd4 13.Bc3 Qxe4 14.b4 Qxf3 15.Bxf3 e4
16.Bxf6 exf3 17.Nxf3 Rg8 18.bxc5 Bxf5 19.O-O-O Rg6 20.Rhe1+ Be6 21.Bh4 Bxc5
22.g3 Rg4 23.c3 h6 24.Bf6 Ra4 25.Nd4 Bxd4 26.Rxd4 Rxa2 27.Rh4 Kd7 28.Kb1 Rg2
29.Rxh6 Re8 30.Kc1 a5 31.Bd4 a4 32.Bc5 a3 33.Rd1+ Kc7  0-1

[Event "Balatonbereny"]
[Site "Balatonbereny"]
[Date "1995.??.??"]
[Round "10"]
[White "Gyimesi, Zoltan"]
[Black "Bezold, Michael"]
[Result "1/2-1/2"]
[WhiteElo "2525"]
[BlackElo "2490"]

1.d4 d6 2.e4 Nf6 3.Nc3 e5 4.Nf3 Nbd7 5.Bc4 Be7 6.O-O O-O 7.Qe2 c6 8.a4 Qc7
9.Rd1 Nb6 10.Bb3 Bg4 11.dxe5 dxe5 12.h3 Bh5 13.g4 Bg6 14.Nh4 a5 15.Nxg6 hxg6
16.Be3 Nfd7 17.Rd2 Nc5 18.Bxc5 Bxc5 19.Qf3 Rad8 20.Rad1 Rxd2 21.Rxd2 Qe7
22.Ne2 Na8 23.Kg2 Nc7 24.Qd3 Ne6 25.Bxe6 Qxe6 26.Ng3 Rb8 27.Ne2 Bb6 28.Qf3 Kf8
29.Nc1 Rd8 30.Rxd8+ Bxd8 31.Nd3 f6 32.Nc5 Qf7 33.Qd3 Ke8 34.Qd6 Qe7 35.Qxe7+ Kxe7
36.Nxb7 Bb6 37.b4 axb4 38.a5 Ba7 39.a6 Kd7 40.h4 Kc7 41.Kf3 c5 42.Ke2 c4
43.Na5 c3 44.Kd3 Kb6 45.Nb3 Kxa6 46.Kc4 Bxf2 47.h5 gxh5 48.gxh5 Kb6 49.Kxb4 Kc6
50.Kxc3 Kd6 51.Kd3 Ke6  1/2-1/2

[Event "Catalunya-ch"]
[Site "Barcelona"]
[Date "1995.??.??"]
[Round "5"]
[White "Hidalgo, Andres"]
[Black "Fernandez Aguado, Enrique"]
[Result "0-1"]
[WhiteElo "2340"]
[BlackElo "2360"]

1.e4 d6 2.d4 Nf6 3.Nc3 c6 4.f4 Qa5 5.Bd2 Qb6 6.Nf3 Bg4 7.h3 Bxf3 8.Qxf3 Qxd4
9.O-O-O Nfd7 10.a3 Qf6 11.g4 g5 12.Qg3 gxf4 13.Bxf4 Ne5 14.Bxe5 Qxe5 15.Qxe5 dxe5
16.Bc4 e6 17.Rd3 Nd7 18.Rf3 Bh6+ 19.Kb1 Ke7 20.Rhf1 Raf8 21.Ne2 Bg5 22.Ng3 Nf6
23.Be2 Bh4 24.Bd3 h5 25.Nxh5 Nxh5 26.gxh5 Rxh5 27.Be2 Rg5 28.Rb3 b6 29.Rc3 c5
30.Rd3 Rg2 31.Bg4 c4 32.Rdf3 f6 33.a4 Rd8 34.Rc3 Rd4  0-1

[Event "Regionalliga SW9596"]
[Site "Bayern"]
[Date "1995.??.??"]
[Round "?"]
[White "Katzameyer, Michael"]
[Black "Schoenbauer, Max"]
[Result "1/2-1/2"]
[WhiteElo "1995"]
[BlackElo "2085"]

1.e4 d6 2.d4 Nf6 3.Nc3 c6 4.f4 Qa5 5.e5 Ne4 6.Qf3 Nxc3 7.Bd2 Bf5 8.Bd3 Bxd3
9.cxd3 Qd5 10.bxc3 Qxf3 11.Nxf3 e6 12.c4 Nd7 13.Rb1 b6 14.Ke2 Be7 15.Rhc1 O-O
16.Bb4 c5 17.Ba3 Rfe8 18.g3 Rac8 19.exd6 Bxd6 20.dxc5 Bxc5 21.Bxc5 Rxc5 22.Rb5 Rc7
23.d4 Rec8 24.Kd3 f6 25.Nd2 Rd8 26.Ke3 Rdc8 27.Re1 Nf8 28.Reb1 Ng6 29.a4 Ne7
30.g4 Rd8 31.R1b3 Rcd7 32.Rd3 Nc6 33.Nb3 Kf7 34.h3 g6 35.c5 Ne7 36.cxb6 axb6
37.Kf3 Nd5 38.a5 bxa5 39.Rxa5 Nb4 40.Rd2 Nc6 41.Rb5 Nxd4+ 42.Nxd4 Rxd4 43.Rxd4 Rxd4
44.Rb7+ Kg8 45.h4 Rd3+ 46.Kg2 Re3 47.g5 fxg5 48.hxg5 e5 49.Rb8+ Kf7 50.Rb7+ Ke6
51.fxe5 Rxe5 52.Rxh7 Kf5 53.Ra7 Kxg5 54.Ra3 Re2+ 55.Kg3 Kf5 56.Kf3 Rb2 57.Kg3 g5
58.Rc3 Rb1 59.Ra3 Rg1+ 60.Kf2 Rg4 61.Rb3 Re4 62.Kg2 Kg6 63.Rf3 Rf4 64.Ra3 Kf5
65.Rb3 Re4 66.Kg3  1/2-1/2

[Event "Regionalliga SW9596"]
[Site "Bayern"]
[Date "1995.??.??"]
[Round "?"]
[White "Wiest, Franz"]
[Black "Schoenbauer, Max"]
[Result "1/2-1/2"]
[WhiteElo "2030"]
[BlackElo "2085"]

1.e4 d6 2.d4 Nf6 3.Nc3 c6 4.Nf3 Bg4 5.Be2 Qa5 6.O-O Nbd7 7.Be3 e5 8.Qd2 Be7
9.Rfe1 Qc7 10.Rad1 O-O 11.h3 Bxf3 12.Bxf3 Rfe8 13.Ne2 Bf8 14.Ng3 Nb6 15.b3 Rad8
16.Bg5 Nbd7 17.Bg4 Ra8 18.dxe5 Rxe5 19.Bf4 Nxg4 20.hxg4 Re6 21.Nf5 Ne5 22.f3 Rae8
23.Be3  1/2-1/2

[Event "Regionalliga SW9495"]
[Site "Bayern"]
[Date "1995.??.??"]
[Round "1"]
[White "Kraenzle, Harald"]
[Black "Hamlack, Heinz"]
[Result "1/2-1/2"]
[WhiteElo "2030"]
[BlackElo "1935"]

1.e4 d6 2.d4 Nf6 3.Nc3 c6 4.Be3 g6 5.f3 Bg7 6.Qd2 Qa5 7.O-O-O Be6 8.Kb1 Na6
9.Bxa6 bxa6 10.Nge2 Rb8 11.Nf4 Qb4 12.b3 Nd7 13.Nxe6 fxe6 14.Ne2 Qa3 15.Qc3 c5
16.Bc1 Qa4 17.Bb2 Qb5 18.Qe3 O-O 19.dxc5 Bxb2 20.Kxb2 Nxc5 21.Nc3 Qc6 22.h4 Rfc8
23.h5 Qe8 24.hxg6 Qxg6 25.Rh4 Na4+ 26.Nxa4 Qf6+ 27.e5 Qxh4 28.Rd4 Qh5 29.exd6 Qf5
30.Nc3 exd6 31.Rxd6 Qf6 32.Qxe6+ Qxe6 33.Rxe6 Rb6 34.Re2 Kf7 35.Ne4 a5 36.Rd2 Rc7
37.a4 Ke6 38.Ng5+ Ke5 39.Re2+ Kf5 40.Nh3 h5 41.Re4 Rb4 42.g4+ hxg4 43.Rxg4 Rxg4
44.fxg4+ Kxg4 45.Nf2+ Kf3 46.Nd3 Ke3 47.Ne5 Rc5  1/2-1/2

[Event "Regionalliga SO9495"]
[Site "Bayern"]
[Date "1995.??.??"]
[Round "3"]
[White "Steinbacher, Thomas"]
[Black "Bielmeier, Ludwig"]
[Result "1/2-1/2"]
[WhiteElo "2070"]
[BlackElo "2025"]

1.d4 Nf6 2.Nc3 d6 3.e4 Nbd7 4.Bg5 e5 5.Bb5 c6 6.dxe5 dxe5 7.Bc4 Be7 8.Nf3 O-O
9.O-O Qc7 10.h3 b5 11.Bd3 Nc5 12.Qe2 Ne6 13.Bd2 Re8 14.Nd1 a5 15.a4 b4 16.Bc4 Nc5
17.Ng5 Rf8 18.f4 h6 19.fxe5 Qxe5 20.Bf4 Qd4+ 21.Be3 Qe5 22.Bf4 Qd4+ 23.Be3 Qe5
24.Bf4 Qd4+  1/2-1/2

[Event "Berliner Sommer"]
[Site "Berlin"]
[Date "1995.??.??"]
[Round "4"]
[White "Rahls, Peter"]
[Black "Eismont, Oleg"]
[Result "0-1"]
[WhiteElo "2190"]
[BlackElo "2450"]

1.e4 d6 2.d4 Nf6 3.Nc3 e5 4.Nf3 Nbd7 5.Be2 Be7 6.O-O O-O 7.Re1 c6 8.a4 Re8
9.h3 Bf8 10.Bf1 exd4 11.Nxd4 Nc5 12.Qf3 d5 13.Bg5 Ncxe4 14.Nxe4 dxe4 15.Rxe4 Rxe4
16.Qxe4 Nxe4 17.Bxd8 Bxh3 18.Ba5 Bd7 19.Be1 Rd8 20.f3 Bc5 21.c3 Nd6 22.b4 Bb6
23.a5 Bxd4+ 24.cxd4 a6 25.g4 Be6 26.Bf2 Bd5 27.Kg2 Bc4 28.Bxc4 Nxc4 29.Rc1 Nd6
30.d5 cxd5 31.Rc7 d4 32.Kf1 d3 33.Ke1 Nb5 34.Rc4 f6 35.Kd2 Kf7 36.f4 Rd5
37.Rc8 f5 38.gxf5 Nd6 39.Rc7+ Kf6 40.Bh4+ Kxf5 41.Rxg7 Ne4+ 42.Kd1 d2  0-1

[Event "Berliner Sommer"]
[Site "Berlin"]
[Date "1995.??.??"]
[Round "4"]
[White "Berelovich, Aleksandar"]
[Black "Moehring, Guenther"]
[Result "1-0"]
[WhiteElo "2455"]
[BlackElo "2325"]

1.e4 d6 2.d4 Nf6 3.Nc3 Nbd7 4.Nf3 e5 5.Bc4 Be7 6.O-O O-O 7.Qe2 c6 8.a4 exd4
9.Nxd4 Re8 10.Ba2 Bf8 11.Qf3 Qa5 12.Nf5 Ne5 13.Nh6+ gxh6 14.Qxf6 Qd8 15.Qxd8 Rxd8
16.Ne2 Be6 17.Rd1 Bxa2 18.Rxa2 d5 19.exd5 Rxd5 20.Rxd5 cxd5 21.c3 Re8 22.Kf1 Bg7
23.b3 Nc6 24.Be3 a6 25.Rd2 Na5 26.b4 Nc4 27.Rxd5 Nxe3+ 28.fxe3 Rxe3 29.Rd7 b5
30.axb5 axb5 31.Rd8+ Bf8 32.Rd5 Bg7 33.Kf2 Re5 34.Rxe5 Bxe5 35.h3 Kf8 36.Ke3  1-0

[Event "Berliner Sommer"]
[Site "Berlin"]
[Date "1995.??.??"]
[Round "8"]
[White "Dvoirys, Semen I"]
[Black "Eismont, Oleg"]
[Result "1/2-1/2"]
[WhiteElo "2580"]
[BlackElo "2450"]

1.e4 d6 2.d4 Nf6 3.Nc3 e5 4.dxe5 dxe5 5.Qxd8+ Kxd8 6.Bg5 Be6 7.O-O-O+ Nd7
8.f4 exf4 9.Nge2 Bd6 10.Nxf4 h6 11.Nxe6+ fxe6 12.Bh4 Ke7 13.Bd3 a6 14.h3 Rhf8
15.Rhe1  1/2-1/2

[Event "Berliner Sommer"]
[Site "Berlin"]
[Date "1995.??.??"]
[Round "8"]
[White "Ebert, Wolfgang"]
[Black "Mira, Helene"]
[Result "1/2-1/2"]
[WhiteElo "2270"]
[BlackElo "2070"]

1.e4 d6 2.d4 Nf6 3.Nc3 c6 4.f4 Qa5 5.Bd3 e5 6.Nf3 Nbd7 7.h3 exf4 8.Bxf4 d5
9.O-O dxe4 10.Nxe4 Nxe4 11.Bxe4 Nf6  1/2-1/2

[Event "Berliner Sommer"]
[Site "Berlin"]
[Date "1995.??.??"]
[Round "9"]
[White "Kauschmann, Herbert"]
[Black "Pribyl, Martin"]
[Result "1/2-1/2"]
[WhiteElo "2180"]
[BlackElo "2390"]

1.e4 d6 2.d4 Nf6 3.Nc3 c6 4.a4 Qa5 5.Bd3 e5 6.dxe5 dxe5 7.Nf3 Bb4 8.Bd2 O-O
9.O-O Bg4 10.h3 Bh5 11.g4 Bg6 12.Qe2 Nbd7 13.Nh4 Nc5 14.Nf5 Nxd3 15.cxd3 Rad8
16.Rfd1 Nd7 17.Ne3 Nc5 18.Nc4 Qc7 19.Be3 Nb3 20.Rab1 Nd4 21.Bxd4 Rxd4 22.Ne3 Bxc3
23.bxc3 Rxa4 24.h4 f6 25.Qb2 b5 26.Ra1 Rxa1 27.Rxa1 Bf7 28.Ra6 Rb8 29.Qa3 Rb7
30.Nf5 c5 31.Nd6 b4 32.Qa4 Rb8 33.Rc6 Qe7 34.Nf5 Qf8 35.Qxa7 b3 36.Rb6 Rxb6
37.Qxb6 h5 38.gxh5 Kh7 39.c4 Bxh5 40.Qxb3 Bf3 41.Qb7 Kg6 42.Kh2 Bg4 43.Ne7+ Kh5
44.Qc7 Be2 45.Qd6 Bxd3 46.f3 Bxc4 47.Qxc5 Be6 48.Qd6 Qf7 49.Kg3 Kh6 50.Qd8 Kh7
51.Qd6 Bc4 52.Qc5 Be6 53.Qd6 Bc4 54.Qc5  1/2-1/2

[Event "Bern-chT"]
[Site "Bern"]
[Date "1995.??.??"]
[Round "?"]
[White "Donev, Ivo Hristov"]
[Black "Rufener, Markus"]
[Result "1-0"]
[WhiteElo "2385"]
[BlackElo "2200"]

1.e4 d6 2.d4 Nf6 3.Nc3 c6 4.f4 Qa5 5.e5 Ne4 6.Qf3 Nxc3 7.Bd2 Bf5 8.Bd3 e6
9.Bxc3 Qd5 10.Bxf5 exf5 11.Qxd5 cxd5 12.O-O-O Nc6 13.Nf3 Kd7 14.Ng5 Nd8 15.Bb4 Be7
16.Nf3 Nc6 17.Bxd6 Bxd6 18.exd6 f6 19.Rhe1 Rhe8 20.Rxe8 Rxe8 21.c3 Re4 22.g3 Kxd6
23.Kd2 g6 24.Ne1 Nd8 25.Nd3 b6 26.b3 Nf7 27.Re1 Ke6 28.Ra1 Kd7 29.Nb4 Kd6
30.a4 a5 31.Nc2 Kc6 32.c4 Nd6 33.Kd3 Nc8 34.Ne3 Ne7 35.Rc1 Kd6 36.c5+ bxc5
37.Rxc5 Nc6 38.Rxd5+ Ke6 39.Rb5 Rxd4+ 40.Kc3 Rb4 41.Nc4  1-0

[Event "Bern op"]
[Site "Bern"]
[Date "1995.??.??"]
[Round "5"]
[White "Kindler, Udo"]
[Black "Summermatter, Daniel"]
[Result "0-1"]
[WhiteElo "2015"]
[BlackElo "2360"]

1.d4 Nf6 2.Nc3 d6 3.e4 c6 4.f4 Qa5 5.Bd3 e5 6.dxe5 dxe5 7.f5 Bc5 8.Nf3 Nbd7
9.Qe2 b5 10.Bd2 Qc7 11.Nd1 a6 12.Be3 Bb7 13.Nf2 Qa5+ 14.Nd2 Bxe3 15.Qxe3 c5
16.c4 bxc4 17.Bxc4 Nb6 18.O-O Rd8 19.Nb3 Nxc4 20.Nxa5 Nxe3 21.Nxb7 Rb8 22.Nxc5 Nxf1
23.Kxf1 Rxb2 24.Nxa6 O-O 25.a4 Rc8  0-1

[Event "Biel"]
[Site "Biel"]
[Date "1995.??.??"]
[Round "2"]
[White "Kindermann, Stefan"]
[Black "Campora, Daniel H"]
[Result "1-0"]
[WhiteElo "2565"]
[BlackElo "2550"]

1.e4 d6 2.d4 Nf6 3.Nc3 e5 4.Nf3 Nbd7 5.Bc4 Be7 6.O-O O-O 7.a4 c6 8.Qe2 exd4
9.Nxd4 Ne5 10.Ba2 c5 11.Nf5 Bxf5 12.exf5 Qd7 13.f4 Nc6 14.g4 d5 15.g5 c4
16.gxf6 Bxf6 17.Nd1 Nd4 18.Qg2 Nxf5 19.c3 Nh4 20.Qg3 Rad8 21.Ne3 h5 22.f5 Rfe8
23.Rf4 Qe7 24.Bd2 Bg5 25.Raf1 Qf6 26.Bb1 Bxf4 27.Rxf4 d4 28.Nf1 d3 29.Qxh4 Qb6+
30.Rf2 Re2 31.a5 Qxa5 32.Qxc4 Qb6 33.Qh4 Rd5 34.Qg3 Rxf5 35.Be3 Rexf2 36.Bxf2 Qf6
37.Qb8+  1-0

[Event "Biel"]
[Site "Biel"]
[Date "1995.??.??"]
[Round "6"]
[White "Timman, Jan H"]
[Black "Hodgson, Julian M"]
[Result "1/2-1/2"]
[WhiteElo "2590"]
[BlackElo "2590"]

1.e4 d6 2.d4 Nf6 3.Nc3 c6 4.f4 Qa5 5.e5 Ne4 6.Bd3 Nxc3 7.Qd2 c5 8.bxc3 d5
9.Nf3 Bg4 10.Rb1 Bxf3 11.gxf3 c4 12.Bf1 Qxa2 13.Rxb7 Qa6 14.Rb1 g6 15.f5 gxf5
16.Rg1 Nd7 17.Be2 e6 18.Qg5 Qa2 19.Rb7 Be7 20.Qg7 O-O-O 21.Rb2 Qa1 22.Kd2 Bf8
23.Qg5 h5 24.Qe3 f4 25.Qf2 Nb6 26.Rb5 Qa6 27.Rb1 Be7 28.Bb2 Rhg8 29.Ra1 Qb7
30.Ra2 Bh4  1/2-1/2